[Event "CZE-chT2B 1920"]
[Site "Czech Republic"]
[Date "2019.12.15"]
[Round "5.1"]
[White "Kusa, Jakub"]
[Black "Kotek, Daniel"]
[Result "1-0"]
[WhiteElo "2156"]
[BlackElo "2199"]
[PlyCount "37"]
[EventDate "2019.10.13"]
[EventType "team-tourn"]
[EventRounds "11"]
[EventCountry "CZE"]
[SourceTitle "EXT 2024"]
[Source "ChessBase"]
[SourceDate "2023.10.10"]
[SourceVersion "1"]
[SourceVersionDate "2023.10.10"]
[SourceQuality "1"]
[WhiteTeam "Karlovy Vary Tietz II"]
[BlackTeam "Usti nad Labem"]
[WhiteTeamCountry "CZE"]
[BlackTeamCountry "CZE"]

1. e4 e6 2. d4 d5 3. Nd2 c5 4. exd5 Qxd5 5. dxc5 Bxc5 6. Ngf3 Nf6 7. Bc4 Qd6 8. 0-0 a6 9. Qe2 b5 10. Bd3 Bb7 11. Ne4 Nxe4 12. Bxe4 Nc6 13. Rd1 Qc7 14. Be3 Bxe3 15. Qxe3 0-0 16. Qc5 h6 17. Rd6 Rfc8 18. Rad1 Na5 19. Qxc7 1-0

[Event "CZE-chT2B 1819"]
[Site "Czech Republic"]
[Date "2019.01.13"]
[Round "6.7"]
[White "Janda, Jiri"]
[Black "Kotek, Daniel"]
[Result "1/2-1/2"]
[WhiteElo "2106"]
[BlackElo "2189"]
[PlyCount "35"]
[EventDate "2018.10.14"]
[EventType "team-tourn"]
[EventRounds "11"]
[EventCountry "CZE"]
[SourceTitle "EXT 2022"]
[Source "ChessBase"]
[SourceDate "2021.10.06"]
[SourceVersion "1"]
[SourceVersionDate "2021.10.06"]
[SourceQuality "1"]
[WhiteTeam "Kobylisy"]
[BlackTeam "Litomerice"]
[WhiteTeamCountry "CZE"]
[BlackTeamCountry "CZE"]

1. e4 e6 2. d4 d5 3. Nc3 Bb4 4. e5 Ne7 5. Bd2 0-0 6. a3 Bxc3 7. Bxc3 b6 8. b4 Nd7 9. Nf3 f6 10. Bd3 c5 11. b5 Qc7 12. exf6 gxf6 13. dxc5 bxc5 14. 0-0 e5 15. Nh4 Nb6 16. Qh5 Rf7 17. a4 Bb7 18. a5 1/2-1/2

[Event "CZE-chT2B 1819"]
[Site "Czech Republic"]
[Date "2018.11.18"]
[Round "3.7"]
[White "Huttner, Milos"]
[Black "Kotek, Daniel"]
[Result "0-1"]
[WhiteElo "2016"]
[BlackElo "2189"]
[PlyCount "80"]
[EventDate "2018.10.14"]
[EventType "team-tourn"]
[EventRounds "11"]
[EventCountry "CZE"]
[SourceTitle "EXT 2022"]
[Source "ChessBase"]
[SourceDate "2021.10.06"]
[SourceVersion "1"]
[SourceVersionDate "2021.10.06"]
[SourceQuality "1"]
[WhiteTeam "Karlovy Vary Tietz II"]
[BlackTeam "Litomerice"]
[WhiteTeamCountry "CZE"]
[BlackTeamCountry "CZE"]

1. Nf3 d5 2. d4 Nf6 3. e3 c5 4. c3 e6 5. Be2 Be7 6. dxc5 Bxc5 7. b4 Be7 8. Bb2 0-0 9. 0-0 Qc7 10. Nbd2 Nbd7 11. a3 a5 12. Qb3 Qb6 13. Rfc1 Rd8 14. Ne1 Ne5 15. c4 Nxc4 16. Nxc4 dxc4 17. Bxc4 axb4 18. Nd3 Ne4 19. Bd4 Rxd4 20. exd4 Qxd4 21. a4 Bd7 22. Qb2 Qb6 23. a5 Rxa5 24. Rxa5 Qxa5 25. Qd4 Nd6 26. Bb3 Bc6 27. Ra1 Qg5 28. g3 h5 29. Ne5 Nb5 30. Ra8+ Bf8 31. Qd8 Qxe5 32. Qxf8+ Kh7 33. Bc2+ f5 34. Qh8+ Kg6 35. f3 Qe3+ 36. Kg2 Qxf3+ 37. Kg1 Qe3+ 38. Kf1 Qc1+ 39. Ke2 Qxc2+ 40. Ke1 Nd4 0-1

[Event "CZE-chT2B 1819"]
[Site "Czech Republic"]
[Date "2018.11.04"]
[Round "2.8"]
[White "Bicek, Richard"]
[Black "Kotek, Daniel"]
[Result "0-1"]
[WhiteElo "2123"]
[BlackElo "2189"]
[PlyCount "94"]
[EventDate "2018.10.14"]
[EventType "team-tourn"]
[EventRounds "11"]
[EventCountry "CZE"]
[SourceTitle "EXT 2022"]
[Source "ChessBase"]
[SourceDate "2021.10.06"]
[SourceVersion "1"]
[SourceVersionDate "2021.10.06"]
[SourceQuality "1"]
[WhiteTeam "Karlovy Vary Tietz"]
[BlackTeam "Litomerice"]
[WhiteTeamCountry "CZE"]
[BlackTeamCountry "CZE"]

1. e4 e6 2. d4 d5 3. Nc3 Bb4 4. Bd3 dxe4 5. Bxe4 Nf6 6. Bf3 0-0 7. Nge2 e5 8. 0-0 Bxc3 9. Nxc3 exd4 10. Nb5 c5 11. Bf4 Ne8 12. Re1 Nc6 13. Rxe8 Rxe8 14. Nc7 Qf6 15. Qd2 Bf5 16. Nxa8 Rxa8 17. Re1 h6 18. a3 Rd8 19. b4 cxb4 20. axb4 a6 21. g4 Bxc2 22. Kg2 Qg6 23. Kh1 Qd3 24. Qxd3 Bxd3 25. Bxc6 bxc6 26. Rd1 Be2 27. Rd2 Bxg4 28. Kg2 Be6 29. Bc7 Rd7 30. Bb6 d3 31. Kf3 f6 32. Ke3 Bc4 33. Bc5 Kf7 34. f4 Ke6 35. Rf2 Kd5 36. Kd2 a5 37. Rg2 axb4 38. Bxb4 Rb7 39. Bc3 Ke4 40. h3 Ra7 41. Bb2 Be6 42. Rg3 Kxf4 43. Rxd3 Rd7 44. Rxd7 Bxd7 45. Ba3 Bxh3 46. Bf8 g5 47. Bxh6 Kf3 0-1

[Event "CZE-chT2B 1617"]
[Site "Czech Republic"]
[Date "2017.03.19"]
[Round "10.1"]
[White "Sodoma, Jan"]
[Black "Kotek, Daniel"]
[Result "1/2-1/2"]
[WhiteElo "2361"]
[BlackElo "2248"]
[PlyCount "60"]
[EventDate "2016.10.09"]
[EventType "team-tourn"]
[EventRounds "11"]
[EventCountry "CZE"]
[SourceTitle "EXT 2022"]
[Source "ChessBase"]
[SourceDate "2021.10.06"]
[SourceVersion "1"]
[SourceVersionDate "2021.10.06"]
[SourceQuality "1"]
[WhiteTeam "Turnov Zikuda II"]
[BlackTeam "Usti nad Labem"]
[WhiteTeamCountry "CZE"]
[BlackTeamCountry "CZE"]

1. d4 Nf6 2. c4 e6 3. Nc3 Bb4 4. Qc2 d5 5. cxd5 exd5 6. Bg5 h6 7. Bh4 c5 8. Nf3 g5 9. Bg3 Ne4 10. dxc5 Nc6 11. e3 Qa5 12. Rc1 Qxa2 13. Bd3 Nxc3 14. bxc3 Qxc2 15. Bxc2 Bxc3+ 16. Ke2 Bb2 17. Rb1 Ba3 18. Rhd1 Bxc5 19. Rxd5 Bb6 20. Ba4 Be6 21. Rd6 Bc4+ 22. Kd2 Rd8 23. Rxd8+ Kxd8 24. Bxc6 bxc6 25. Ne5 Be6 26. Nxc6+ Kc8 27. Be5 Re8 28. Bd4 Bd5 29. Nxa7+ Bxa7 30. Bxa7 Bxg2 1/2-1/2

[Event "CZE-chT2B 1617"]
[Site "Czech Republic"]
[Date "2017.02.12"]
[Round "8.1"]
[White "Rubes, Jan"]
[Black "Kotek, Daniel"]
[Result "1/2-1/2"]
[WhiteElo "2312"]
[BlackElo "2248"]
[PlyCount "65"]
[EventDate "2016.10.09"]
[EventType "team-tourn"]
[EventRounds "11"]
[EventCountry "CZE"]
[SourceTitle "EXT 2022"]
[Source "ChessBase"]
[SourceDate "2021.10.06"]
[SourceVersion "1"]
[SourceVersionDate "2021.10.06"]
[SourceQuality "1"]
[WhiteTeam "Teplice"]
[BlackTeam "Usti nad Labem"]
[WhiteTeamCountry "CZE"]
[BlackTeamCountry "CZE"]

1. c4 c5 2. Nc3 Nc6 3. g3 g6 4. Bg2 Bg7 5. Rb1 d6 6. a3 a5 7. d3 e5 8. e3 Nge7 9. Nge2 0-0 10. 0-0 Be6 11. Nd5 Rb8 12. Nec3 Qd7 13. Qa4 Qd8 14. Bd2 Kh8 15. Nxe7 Nxe7 16. Nd5 b6 17. Nxe7 Qxe7 18. b4 axb4 19. axb4 f5 20. bxc5 bxc5 21. Rb3 h5 22. Rfb1 Rxb3 23. Rxb3 e4 24. Qa6 d5 25. Rb6 Bf7 26. cxd5 Bxd5 27. Qb5 Ra8 28. Rb8+ Rxb8 29. Qxb8+ Kh7 30. h4 Qe5 31. Qxe5 Bxe5 32. Ba5 Kg7 33. Bb6 1/2-1/2

[Event "CZE-chT2B 1617"]
[Site "Czech Republic"]
[Date "2016.10.23"]
[Round "4.1"]
[White "Kotek, Daniel"]
[Black "Richterova, Natasa"]
[Result "1-0"]
[WhiteElo "2248"]
[BlackElo "2210"]
[PlyCount "51"]
[EventDate "2016.10.09"]
[EventType "team-tourn"]
[EventRounds "11"]
[EventCountry "CZE"]
[SourceTitle "EXT 2022"]
[Source "ChessBase"]
[SourceDate "2021.10.06"]
[SourceVersion "1"]
[SourceVersionDate "2021.10.06"]
[SourceQuality "1"]
[WhiteTeam "Usti nad Labem"]
[BlackTeam "Horice"]
[WhiteTeamCountry "CZE"]
[BlackTeamCountry "CZE"]

1. e4 d6 2. d4 Nf6 3. Nc3 Nbd7 4. g4 h6 5. h3 c6 6. Bg2 e5 7. Nge2 Be7 8. Be3 Qc7 9. Qd2 Nb6 10. b3 Be6 11. a4 a5 12. 0-0 h5 13. g5 Nfd7 14. f4 f6 15. Rad1 fxg5 16. fxe5 g4 17. d5 Nxe5 18. dxe6 gxh3 19. Bxh3 g5 20. Nd4 g4 21. Bg2 h4 22. Nf5 Nc8 23. Bd4 Bf8 24. Bxe5 dxe5 25. Qg5 Nd6 26. Rxd6 1-0

[Event "CZE-chT2B 1415"]
[Site "Czech Republic"]
[Date "2015.02.22"]
[Round "8.1"]
[White "Kotek, Daniel"]
[Black "Kucera, Petr"]
[Result "0-1"]
[WhiteElo "2270"]
[BlackElo "2322"]
[PlyCount "92"]
[EventDate "2014.11.02"]
[EventType "team-tourn"]
[EventRounds "11"]
[EventCountry "CZE"]
[SourceTitle "EXT 2022"]
[Source "ChessBase"]
[SourceDate "2021.10.06"]
[SourceVersion "1"]
[SourceVersionDate "2021.10.06"]
[SourceQuality "1"]
[WhiteTeam "Usti nad Labem"]
[BlackTeam "Turnov Zikuda II"]
[WhiteTeamCountry "CZE"]
[BlackTeamCountry "CZE"]

1. e4 e6 2. d4 d5 3. Nd2 dxe4 4. Nxe4 Bd7 5. Nf3 Bc6 6. Bd3 Nd7 7. 0-0 Ngf6 8. Ng3 Bxf3 9. Qxf3 c6 10. Re1 Be7 11. c3 0-0 12. Bf4 a5 13. Rad1 a4 14. Nh5 Nxh5 15. Qxh5 g6 16. Qf3 Re8 17. g4 Bg5 18. Bg3 Qf6 19. Qe4 Bh4 20. f4 Bxg3 21. hxg3 Qg7 22. Rd2 Nf6 23. Qf3 Nd5 24. a3 b5 25. Rde2 Ra7 26. Re5 Rae7 27. Bb1 Kf8 28. Ba2 h6 29. Qe2 Rd8 30. Bxd5 cxd5 31. Qxb5 Kg8 32. Qxa4 Rb7 33. b4 Rc8 34. Qb3 Rbc7 35. R1e3 Qf8 36. f5 gxf5 37. gxf5 exf5 38. Rxd5 f4 39. gxf4 Qg7+ 40. Kf2 Qf6 41. Kf3 Qh4 42. Rde5 Rxc3 43. Qd1 Qh3+ 44. Kf2 Qh2+ 45. Kf3 Rxe3+ 46. Kxe3 Rc3+ 0-1

[Event "CZE-chT2B 1314"]
[Site "Czech Republic"]
[Date "2014.04.06"]
[Round "11.4"]
[White "Kotek, Daniel"]
[Black "Kotrba, Matej"]
[Result "0-1"]
[WhiteElo "2280"]
[BlackElo "1952"]
[PlyCount "60"]
[EventDate "2013.11.03"]
[EventType "team-tourn"]
[EventRounds "11"]
[EventCountry "CZE"]
[SourceTitle "EXT 2015"]
[Source "ChessBase"]
[SourceDate "2014.11.20"]
[SourceVersion "1"]
[SourceVersionDate "2014.11.20"]
[SourceQuality "1"]
[WhiteTeam "Usti nad Labem"]
[BlackTeam "Teplice"]
[WhiteTeamCountry "CZE"]
[BlackTeamCountry "CZE"]

1. e4 Nf6 2. e5 Nd5 3. d4 d6 4. c4 Nb6 5. f4 dxe5 6. fxe5 Nc6 7. Be3 Bf5 8. Nc3 e6 9. Nf3 Bg4 10. Be2 Be7 11. 0-0 Qd7 12. Qd2 0-0-0 13. Rad1 f5 14. Qc1 Bxf3 15. gxf3 g5 16. c5 Nd5 17. Nxd5 exd5 18. a3 f4 19. Bf2 Rdf8 20. Rd3 h5 21. b4 g4 22. b5 g3 23. Bxg3 fxg3 24. hxg3 Qh3 25. Rf2 Rfg8 26. Rh2 Qxg3+ 27. Kh1 Nxd4 28. Rxd4 Bxc5 29. Rd1 b6 30. Qa1 Rg7 0-1

[Event "CZE-chT2B 1314"]
[Site "Czech Republic"]
[Date "2014.02.02"]
[Round "7.3"]
[White "Bednar, Marcel"]
[Black "Kotek, Daniel"]
[Result "1/2-1/2"]
[WhiteElo "2265"]
[BlackElo "2280"]
[PlyCount "104"]
[EventDate "2013.11.03"]
[EventType "team-tourn"]
[EventRounds "11"]
[EventCountry "CZE"]
[SourceTitle "EXT 2015"]
[Source "ChessBase"]
[SourceDate "2014.11.20"]
[SourceVersion "1"]
[SourceVersionDate "2014.11.20"]
[SourceQuality "1"]
[WhiteTeam "Vysehrad"]
[BlackTeam "Usti nad Labem"]
[WhiteTeamCountry "CZE"]
[BlackTeamCountry "CZE"]

1. d4 Nf6 2. c4 e6 3. Nc3 Bb4 4. e3 b6 5. Bd3 Bb7 6. f3 Bxc3+ 7. bxc3 d6 8. e4 Nbd7 9. Bg5 Qe7 10. Ne2 h6 11. Be3 e5 12. Qd2 h5 13. h4 Nh7 14. Qc2 0-0-0 15. 0-0-0 Rde8 16. Rde1 Nhf8 17. Ng3 g6 18. f4 Ne6 19. fxe5 dxe5 20. Qa4 c5 21. d5 Nc7 22. Bc2 Ba6 23. Rd1 Qd6 24. Rhf1 b5 25. Qa5 f6 26. Rf2 Qb6 27. Qxb6 axb6 28. cxb5 Bxb5 29. Bb3 c4 30. a4 cxb3 31. axb5 Nxb5 32. Kb2 Nd6 33. Kxb3 Kb7 34. Ra1 Ra8 35. Rfa2 Rxa2 36. Rxa2 Rc8 37. Ra4 Rg8 38. c4 f5 39. Rb4 Kc7 40. Bxb6+ Nxb6 41. c5 Nbc8 42. cxd6+ Nxd6 43. exf5 gxf5 44. Nxh5 Rxg2 45. Kc3 Ne4+ 46. Kd3 Rg4 47. Ke3 Rxh4 48. Ng7 Rh3+ 49. Ke2 Nc3+ 50. Kf2 Nxd5 51. Rc4+ Kd7 52. Nxf5 Ke6 1/2-1/2

[Event "CZE-chT2B 1112"]
[Site "Czech Republic"]
[Date "2012.01.08"]
[Round "5.5"]
[White "Krejcik, Jiri"]
[Black "Kotek, Daniel"]
[Result "1/2-1/2"]
[WhiteElo "2124"]
[BlackElo "2270"]
[PlyCount "81"]
[EventDate "2011.10.09"]
[EventType "team-tourn"]
[EventRounds "11"]
[EventCountry "CZE"]
[SourceTitle "EXT 2013"]
[Source "ChessBase"]
[SourceDate "2012.11.22"]
[SourceVersion "1"]
[SourceVersionDate "2012.11.22"]
[SourceQuality "1"]
[WhiteTeam "Karlovy Vary"]
[BlackTeam "Usti nad Labem"]
[WhiteTeamCountry "CZE"]
[BlackTeamCountry "CZE"]

1. e4 e6 2. d4 d5 3. Nd2 Nf6 4. e5 Nfd7 5. Bd3 c5 6. c3 Nc6 7. Ne2 cxd4 8. cxd4 f6 9. exf6 Nxf6 10. 0-0 Bd6 11. Nf3 Qc7 12. Bg5 0-0 13. Qc2 h6 14. Bh4 Nh5 15. Bg6 Rxf3 16. gxf3 Bxh2+ 17. Kg2 Nf4+ 18. Nxf4 Qxf4 19. Bg3 Bxg3 20. fxg3 Qxd4 21. Rad1 Qf6 22. Be8 e5 23. Qg6 Ne7 24. Qxf6 gxf6 25. Rc1 Be6 26. Ba4 d4 27. Rh1 Nd5 28. Rxh6 Kg7 29. Rhh1 Ne3+ 30. Kf2 b5 31. Rc7+ Kg6 32. Bxb5 Rb8 33. Rhh7 f5 34. g4 fxg4 35. Bd3+ Kg5 36. Kg3 Bf5 37. Rhg7+ Kf6 38. Rgf7+ Kg6 39. Rg7+ Kf6 40. Rgf7+ Kg5 41. Rg7+ 1/2-1/2

[Event "CZE-chT2b 0607"]
[Site "Czech Republic"]
[Date "2007.03.11"]
[Round "9"]
[White "Ungr, Daniel"]
[Black "Kotek, Daniel"]
[Result "0-1"]
[WhiteElo "2150"]
[BlackElo "2280"]
[PlyCount "72"]
[EventDate "2006.10.15"]
[EventType "team"]
[EventRounds "11"]
[EventCountry "CZE"]
[SourceTitle "EXT 2009"]
[Source "ChessBase"]
[SourceDate "2008.11.26"]
[SourceVersion "1"]
[SourceVersionDate "2008.11.26"]
[SourceQuality "1"]

1. Nf3 d5 2. d4 Nf6 3. c4 e6 4. Nc3 c6 5. Bg5 h6 6. Bh4 g5 7. Bg3 dxc4 8. Bxb8 Rxb8 9. Ne5 Qc7 10. Nxc4 b5 11. Nd2 c5 12. e3 a6 13. dxc5 Qxc5 14. Be2 Bg7 15. h4 Bb7 16. hxg5 hxg5 17. Rxh8+ Bxh8 18. Bf3 g4 19. Bxb7 Rxb7 20. Rc1 Rc7 21. Ne2 Qd6 22. Rxc7 Qxc7 23. Nf4 g3 24. f3 Qe5 25. Qb3 Nd7 26. Qa3 Qxb2 27. Qxa6 Bc3 28. Qd6 Qxa2 29. Qd3 b4 30. Kd1 Qa4+ 31. Qc2 Qa1+ 32. Qb1 Qa7 33. Qd3 Ne5 34. Qe4 f5 35. Qc2 Qxe3 36. Ne2 Nd3 0-1

[Event "CZE-chT2b 0607"]
[Site "Czech Republic"]
[Date "2007.02.11"]
[Round "7"]
[White "Havranek, Miroslav"]
[Black "Kotek, Daniel"]
[Result "0-1"]
[WhiteElo "2210"]
[BlackElo "2280"]
[PlyCount "108"]
[EventDate "2006.10.15"]
[EventType "team"]
[EventRounds "11"]
[EventCountry "CZE"]
[SourceTitle "EXT 2009"]
[Source "ChessBase"]
[SourceDate "2008.11.26"]
[SourceVersion "1"]
[SourceVersionDate "2008.11.26"]
[SourceQuality "1"]

1. e4 e6 2. d4 d5 3. e5 c5 4. c3 Bd7 5. Nf3 Nc6 6. Be2 Nge7 7. Na3 cxd4 8. cxd4 Nf5 9. Nc2 Qb6 10. g4 Nfe7 11. a3 a5 12. Bd2 a4 13. Rb1 f6 14. exf6 gxf6 15. Be3 Ng6 16. h4 Bd6 17. g5 0-0-0 18. gxf6 Nf4 19. Bf1 Rdf8 20. Ne5 Rxf6 21. Rg1 Be8 22. Qd2 Ng6 23. Nxc6 Bxc6 24. Bg5 Bf4 25. Qc3 Bxg5 26. hxg5 Rf4 27. b4 Rhf8 28. b5 Kb8 29. Qc5 Qxc5 30. dxc5 Be8 31. Ne3 Ne5 32. Be2 Rxf2 33. Rb4 Bg6 34. Rf1 Rxf1+ 35. Nxf1 Nf3+ 36. Bxf3 Rxf3 37. Rxa4 Rc3 38. Rf4 Rxc5 39. b6 Kc8 40. Ne3 Rb5 41. Ng4 Rxb6 42. Rf6 Bf5 43. Rf8+ Kc7 44. Nf6 Bg6 45. Nxh7 Rb3 46. Rf6 Bxh7 47. Rf7+ Kc6 48. Rxh7 Rxa3 49. Kf2 b5 50. g6 Ra8 51. Re7 Kd6 52. Rb7 Rg8 53. g7 Ke5 54. Ke3 Kf6 0-1

[Event "CZE-chT2b 0607"]
[Site "Czech Republic"]
[Date "2006.12.17"]
[Round "5"]
[White "Kotek, Daniel"]
[Black "Loucek, Vlastimil"]
[Result "0-1"]
[WhiteElo "2280"]
[BlackElo "2270"]
[PlyCount "54"]
[EventDate "2006.10.15"]
[EventType "team"]
[EventRounds "11"]
[EventCountry "CZE"]
[SourceTitle "EXT 2009"]
[Source "ChessBase"]
[SourceDate "2008.11.26"]
[SourceVersion "1"]
[SourceVersionDate "2008.11.26"]
[SourceQuality "1"]

1. e4 e5 2. Nf3 Nc6 3. d4 exd4 4. Nxd4 Qh4 5. Nc3 Bb4 6. Ndb5 Ba5 7. Be2 a6 8. Nd4 Qxe4 9. Nf3 Bxc3+ 10. bxc3 d6 11. 0-0 Nge7 12. Re1 Qa4 13. Bd3 Bd7 14. Bd2 h6 15. Rb1 0-0-0 16. Re4 Qa5 17. Nd4 Ne5 18. c4 Qc5 19. Be3 Nxd3 20. cxd3 Nf5 21. Ne6 Nxe3 22. Qb3 Bxe6 23. fxe3 Qc6 24. Qc3 d5 25. Rf4 dxc4 26. dxc4 f6 27. c5 Rd5 0-1

[Event "CZE-chT2b 0607"]
[Site "Czech Republic"]
[Date "2006.11.19"]
[Round "3"]
[White "Kotek, Daniel"]
[Black "Bargel, Martin"]
[Result "1-0"]
[WhiteElo "2280"]
[BlackElo "2145"]
[PlyCount "67"]
[EventDate "2006.10.15"]
[EventType "team"]
[EventRounds "11"]
[EventCountry "CZE"]
[SourceTitle "EXT 2009"]
[Source "ChessBase"]
[SourceDate "2008.11.26"]
[SourceVersion "1"]
[SourceVersionDate "2008.11.26"]
[SourceQuality "1"]

1. e4 c5 2. Nf3 d6 3. d4 cxd4 4. Nxd4 Nf6 5. Nc3 g6 6. Be3 Bg7 7. f3 Nc6 8. Qd2 0-0 9. 0-0-0 Nxd4 10. Bxd4 Be6 11. Kb1 Re8 12. h4 Qa5 13. h5 Rac8 14. hxg6 fxg6 15. a3 Bf7 16. g4 e5 17. Be3 a6 18. Qxd6 Rc6 19. Qd2 Rec8 20. Nd5 Qxd2 21. Rxd2 Nxd5 22. exd5 Rd6 23. c4 b5 24. b3 a5 25. cxb5 Rxd5 26. Bc4 Rxd2 27. Bxf7+ Kxf7 28. Bxd2 Rd8 29. Bxa5 Rd5 30. a4 Rd3 31. Kc2 Rxf3 32. b6 Ke6 33. b7 Rf2+ 34. Kd1 1-0

[Event "Teplice op 1st"]
[Site "Teplice"]
[Date "2006.06.24"]
[Round "9"]
[White "Kotek, Daniel"]
[Black "Posmurny, Oldrich"]
[Result "0-1"]
[WhiteElo "2301"]
[BlackElo "2088"]
[PlyCount "114"]
[EventDate "2006.06.17"]
[EventType "swiss"]
[EventRounds "9"]
[EventCountry "CZE"]
[SourceTitle "CBM 112 Extra"]
[Source "ChessBase"]
[SourceDate "2006.07.14"]
[SourceVersion "1"]
[SourceVersionDate "2006.07.14"]
[SourceQuality "1"]

1. e4 Nf6 2. e5 Nd5 3. d4 d6 4. c4 Nb6 5. f4 dxe5 6. fxe5 Nc6 7. Be3 Bf5 8. Nc3 e6 9. Nf3 Nb4 10. Rc1 c5 11. a3 cxd4 12. Nxd4 Nc6 13. Nxf5 exf5 14. Qxd8+ Rxd8 15. Nb5 Nxe5 16. Nxa7 Na4 17. Rc2 Bc5 18. Bxc5 Nxc5 19. Be2 Ned3+ 20. Kf1 0-0 21. g3 Rfe8 22. Kg2 f4 23. Nb5 Re3 24. Nc3 f3+ 25. Bxf3 Ne1+ 26. Rxe1 Rxe1 27. b4 Nd3 28. Kh3 Re3 29. Bxb7 Ne1 30. Rc1 g5 31. Nd5 Re2 32. c5 f5 33. g4 f4 34. Rc3 Re6 35. Nxf4 gxf4 36. Kh4 Re3 37. Rc1 f3 38. Rxe1 Rxe1 39. Bxf3 Re3 40. Bb7 Rxa3 41. c6 Rc3 42. b5 Rd2 43. b6 Rxh2+ 44. Kg5 Rb2 45. c7 h6+ 46. Kf4 Rc4+ 47. Kg3 Rc3+ 48. Kf4 Rc4+ 49. Kg3 Kg7 50. c8Q Rxc8 51. Bxc8 Rxb6 52. Kf4 Kf6 53. Bf5 Rb4+ 54. Be4 Ra4 55. Kf3 Kg5 56. Bf5 h5 57. Bd7 Ra3+ 0-1

[Event "CZE-chT2b 0506"]
[Site "Czech Republic"]
[Date "2006.03.12"]
[Round "9"]
[White "Kotek, Daniel"]
[Black "Vagner, Tomas"]
[Result "1-0"]
[WhiteElo "2300"]
[BlackElo "2235"]
[PlyCount "69"]
[EventDate "2005.10.16"]
[EventType "team"]
[EventRounds "11"]
[EventCountry "CZE"]
[SourceTitle "EXT 2009"]
[Source "ChessBase"]
[SourceDate "2008.11.26"]
[SourceVersion "1"]
[SourceVersionDate "2008.11.26"]
[SourceQuality "1"]

1. e4 c5 2. Nf3 Nc6 3. d4 cxd4 4. Nxd4 Nf6 5. Nc3 e6 6. Ndb5 d6 7. Bf4 e5 8. Bg5 a6 9. Na3 b5 10. Bxf6 gxf6 11. Nd5 Bg7 12. c3 f5 13. Bd3 Be6 14. Nxb5 axb5 15. Bxb5 Rc8 16. Qa4 0-0 17. Bxc6 Qg5 18. exf5 Bxf5 19. Ne3 Bd3 20. h4 Qg6 21. h5 Qg5 22. Rd1 e4 23. Bxe4 Bb5 24. Qc2 Rc5 25. Rxd6 Re8 26. Rh3 Be5 27. Rd5 Rxd5 28. Bxd5 Bf4 29. c4 Bd7 30. Bxf7+ Kxf7 31. Qxh7+ Kf8 32. Qxd7 Bxe3 33. Rxe3 Rxe3+ 34. fxe3 Qxe3+ 35. Kd1 1-0

[Event "CZE-chT2b 0506"]
[Site "Czech Republic"]
[Date "2006.01.15"]
[Round "6"]
[White "Wunsch, Jiri"]
[Black "Kotek, Daniel"]
[Result "0-1"]
[WhiteElo "2176"]
[BlackElo "2300"]
[PlyCount "114"]
[EventDate "2005.10.16"]
[EventType "team"]
[EventRounds "11"]
[EventCountry "CZE"]
[SourceTitle "EXT 2009"]
[Source "ChessBase"]
[SourceDate "2008.11.26"]
[SourceVersion "1"]
[SourceVersionDate "2008.11.26"]
[SourceQuality "1"]

1. d4 e6 2. c4 c5 3. d5 exd5 4. cxd5 d6 5. Nc3 Be7 6. Nf3 Bf6 7. e4 Ne7 8. Be2 Ng6 9. 0-0 0-0 10. Be3 a6 11. a4 Re8 12. Qc2 Nd7 13. h3 Qe7 14. Bd3 Nde5 15. Nxe5 Nxe5 16. Be2 Ng6 17. Bd3 Bd7 18. Rfe1 Rac8 19. f3 Be5 20. Qd2 h6 21. f4 Bf6 22. Bc2 b5 23. axb5 axb5 24. Ra7 Qd8 25. Rea1 b4 26. Nd1 Re7 27. R1a5 Bb5 28. Qf2 Qb6 29. Ra8 Rec7 30. Qd2 Nf8 31. Qf2 Rxa8 32. Rxa8 Qb7 33. Ra1 Nd7 34. Qd2 Nb6 35. Qf2 Nd7 36. Qd2 Rc8 37. Bb1 Qc7 38. Qc2 Nf8 39. Nf2 h5 40. Qb3 Bd7 41. Nd1 Qb7 42. Qa2 b3 43. Qa6 Qb4 44. Qa5 Qc4 45. Qa6 Qb4 46. Qa5 Bb5 47. Qxb4 cxb4 48. e5 dxe5 49. fxe5 Bxe5 50. Be4 Nd7 51. Ra7 Nf6 52. Bf3 Bc4 53. Ra5 Rd8 54. Bb6 Rd7 55. Ne3 Bd3 56. Bc5 Bxb2 57. Bxb4 Bd4 0-1

[Event "CZE-chT2b 0506"]
[Site "Czech Republic"]
[Date "2005.12.18"]
[Round "5"]
[White "Kotek, Daniel"]
[Black "Loucek, Vlastimil"]
[Result "1-0"]
[WhiteElo "2300"]
[BlackElo "2190"]
[PlyCount "117"]
[EventDate "2005.10.16"]
[EventType "team"]
[EventRounds "11"]
[EventCountry "CZE"]
[SourceTitle "EXT 2009"]
[Source "ChessBase"]
[SourceDate "2008.11.26"]
[SourceVersion "1"]
[SourceVersionDate "2008.11.26"]
[SourceQuality "1"]

1. e4 d6 2. d4 Nf6 3. Nc3 c6 4. f4 Qa5 5. Bd3 e5 6. Nf3 Bg4 7. Be3 Nbd7 8. 0-0 Be7 9. Qe1 Bxf3 10. Rxf3 0-0 11. a3 Ng4 12. Bd2 exd4 13. Ne2 Qb6 14. Ba5 Qc5 15. Bb4 Qb6 16. Ba5 Qc5 17. b4 Qh5 18. Rh3 Qg6 19. e5 f5 20. exf6 Qxf6 21. Bxh7+ Kf7 22. b5 Rh8 23. Qg3 Nh6 24. Bd3 Nc5 25. Rd1 Nxd3 26. Qxd3 c5 27. Be1 Nf5 28. Bf2 Rxh3 29. Qxh3 g6 30. Qf3 Rb8 31. c3 dxc3 32. Nxc3 Qe6 33. Nd5 Bf6 34. Nxf6 Qxf6 35. g4 Ne7 36. Re1 b6 37. Qh3 Rh8 38. Qe3 d5 39. Bg3 Re8 40. Kg2 Qb2+ 41. Kh1 Qf6 42. a4 Qd6 43. f5 Qf6 44. fxg6+ Qxg6 45. Bh4 Qd6 46. Rf1+ Kg7 47. Rf6 Qxf6 48. Bxf6+ Kxf6 49. h4 d4 50. Qe4 Rd8 51. g5+ Kf7 52. Qd3 Rd5 53. Kg2 Nf5 54. Kh3 Kg7 55. Qe4 Ne3 56. Qe7+ Kg6 57. Qf6+ Kh7 58. Qf7+ Kh8 59. g6 1-0

[Event "CZE-chT2b 0506"]
[Site "Czech Republic"]
[Date "2005.10.16"]
[Round "1"]
[White "Sleich, Jan"]
[Black "Kotek, Daniel"]
[Result "0-1"]
[WhiteElo "2290"]
[BlackElo "2300"]
[PlyCount "108"]
[EventDate "2005.10.16"]
[EventType "team"]
[EventRounds "11"]
[EventCountry "CZE"]
[SourceTitle "EXT 2009"]
[Source "ChessBase"]
[SourceDate "2008.11.26"]
[SourceVersion "1"]
[SourceVersionDate "2008.11.26"]
[SourceQuality "1"]

1. c4 Nf6 2. Nf3 e6 3. g3 d5 4. Bg2 dxc4 5. Qa4+ c6 6. Qxc4 b5 7. Qc2 Bb7 8. 0-0 Nbd7 9. Nc3 Rc8 10. b3 a6 11. Bb2 c5 12. d3 Be7 13. Rac1 0-0 14. Rfd1 Rc7 15. Qb1 Qa8 16. Qa1 Rfc8 17. Ne1 Bf8 18. Bxb7 Qxb7 19. Nf3 h5 20. Nb1 c4 21. bxc4 bxc4 22. dxc4 Rxc4 23. Rxc4 Rxc4 24. Nbd2 Rc2 25. Bxf6 Nxf6 26. Nd4 Rc8 27. Rc1 Rd8 28. N2f3 Ba3 29. Qb1 Qd5 30. Rc3 Bc5 31. Rd3 Qa8 32. Nb3 Rb8 33. Ng5 Qa7 34. Rf3 Be7 35. Qc2 Qd7 36. Rc3 Rb7 37. Rd3 Qc8 38. Rc3 Qd7 39. Kg2 Qd5+ 40. Nf3 g6 41. Nbd4 Rd7 42. Nc6 Bd6 43. Kg1 Kg7 44. Rc4 Rc7 45. a4 Ba3 46. Nd2 Rd7 47. Nd4 Qb7 48. N2b3 Qd5 49. Qc3 Be7 50. Nc6 Qd1+ 51. Kg2 Qxe2 52. Nxe7 Rxe7 53. Nc1 Qd1 54. Nd3 Rd7 0-1